|
|
|
|
| LEADER |
01580nam a2200409 4500 |
| 001 |
on1031999499 |
| 003 |
OCoLC |
| 005 |
20200326101152.0 |
| 006 |
m o d |
| 007 |
cr cnu---unuuu |
| 008 |
180423s2018 mau ob 000 0 eng d |
| 040 |
|
|
|a N$T
|b eng
|e rda
|e pn
|c N$T
|d N$T
|d OPELS
|d UAB
|d UPM
|d D6H
|d OCLCF
|d OCLCQ
|d UKAHL
|d GrThAP
|
| 020 |
|
|
|a 9780128155257
|q (electronic bk.)
|
| 020 |
|
|
|a 0128155256
|q (electronic bk.)
|
| 020 |
|
|
|a 9780128151846
|
| 035 |
|
|
|a (OCoLC)1031999499
|
| 050 |
|
4 |
|a QR53
|
| 072 |
|
7 |
|a SCI
|x 013060
|2 bisacsh
|
| 072 |
|
7 |
|a TEC
|x 009010
|2 bisacsh
|
| 082 |
0 |
4 |
|a 660.62
|2 23
|
| 245 |
0 |
0 |
|a Advances in applied microbiology.
|n Volume 102 /
|c edited by Sima Sariaslani, Geoffrey Michael Gadd.
|
| 250 |
|
|
|a First edition.
|
| 264 |
|
1 |
|a Cambridge, MA :
|b Academic Press,
|c 2018.
|
| 300 |
|
|
|a 1 online resource
|
| 336 |
|
|
|a text
|b txt
|2 rdacontent
|
| 337 |
|
|
|a computer
|b c
|2 rdamedia
|
| 338 |
|
|
|a online resource
|b cr
|2 rdacarrier
|
| 588 |
0 |
|
|a Online resource; title from PDF title page (EBSCO, viewed April 24, 2018)
|
| 504 |
|
|
|a Includes bibliographical references.
|
| 650 |
|
0 |
|a Industrial microbiology.
|
| 650 |
|
7 |
|a SCIENCE / Chemistry / Industrial & Technical.
|2 bisacsh
|
| 650 |
|
7 |
|a TECHNOLOGY & ENGINEERING / Chemical & Biochemical.
|2 bisacsh
|
| 650 |
|
7 |
|a Industrial microbiology.
|2 fast
|0 (OCoLC)fst00971352
|
| 655 |
|
4 |
|a Electronic books.
|
| 700 |
1 |
|
|a Sariaslani, Sima,
|e editor.
|
| 700 |
1 |
|
|a Gadd, Geoffrey M.,
|e editor.
|
| 856 |
4 |
0 |
|3 ScienceDirect
|u https://www.sciencedirect.com/science/bookseries/00652164/102
|z Full Text via HEAL-Link
|